| 000 | 01492cam a2200445Ia 4500 | ||
|---|---|---|---|
| 999 |
_c783 _d783 |
||
| 003 | OSt | ||
| 005 | 20210617090003.0 | ||
| 008 | 990218s1999 wiuab 001 0 eng d | ||
| 020 | _a0669467731 (hdc) | ||
| 020 | _a9780669467734 (hdc) | ||
| 020 | _a066946774X (pbk) | ||
| 020 | _a9780669467741 (pbk) | ||
| 020 | _a0669467758 (guide) | ||
| 020 | _a9780669467758 (guide) | ||
| 035 | _a3460737 | ||
| 035 | _aocm40814512 | ||
| 035 | _a(OCoLC)40814512 | ||
| 040 |
_aIOT _cIOT _dBTCTA |
||
| 049 | _aJHEE | ||
| 050 | 4 |
_aPE1112 _b.S365 1999 |
|
| 082 | 4 | _a372.623 | |
| 100 | 1 | _aSebranek, Patrick. | |
| 245 | 1 | 0 |
_aWrite source 2000 : _ba guide to writing, thinking and learning / _cwritten and compiled by Patrick Sebranek, Dave Kemper, and Verne Meyer ; illustrated by Chris Krenzke. |
| 250 | _a[4th ed.] | ||
| 260 |
_aWilmington, MA : _bWrite Source, _cc1999. |
||
| 300 |
_ax, 542 p. : _bill. (some col.), col. maps ; _c24 cm. + teacher's guide (268 p. ; 28 cm.). |
||
| 490 | 1 |
_aWrite Source language series ; _v6-8 |
|
| 500 | _aIncludes index. | ||
| 521 | 2 | _aFor grades 6-8. | |
| 650 | 0 |
_aEnglish language _xStudy and teaching (Middle school) |
|
| 650 | 0 |
_aEnglish language _xWriting. |
|
| 650 | 0 |
_aEnglish language _xComposition and exercises. |
|
| 700 | 1 | _aKemper, Dave. | |
| 700 | 1 | _aMeyer, Verne. | |
| 710 | 2 | _aWrite Source. | |
| 710 | 2 | _aGreat Source Education Group. | |
| 830 | 0 |
_aWrite Source language series ; _v6-8. |
|
| 910 | _a3460737 | ||
| 942 |
_2lcc _cBK _nSO |
||